000 00365 a2200157 4500
001 120271
020 _a9780132011747
040 _cEscola Canadense de Niteroi
245 1 0 _aMotion, Forces and Energy
250 _aTeacher's Edition
300 _a245 p.
_bil.
362 0 _a2009
490 0 _aPrentice Hall Science Explorer
650 4 _aScience
942 _cBK
999 _c120271
_d120271